banner-ar

THE REUTERS GUIDE TO OFFICIAL INTEREST RATES / (Record no. 12239)

MARC details
000 -الفاتح
حقل البيانات ثابتة الطول 00488nam a2200181Ia 4500
008 - عناصر البيانات ثابتة الطول - معلومات عامة
حقل البيانات ثابتة الطول 140319s9999 xx 000 0 eng d
040 ## - مصدر الفهرسة
وكالة الفهرسة الأصلية GCL /
وكالة النسخ GCL
082 04 - رقم تصنيف ديوى العشرى
رقم التصنيف 332.6323
رقم المادة T R
100 1# - المدخل الرئيسى - إسم شخصى
الإسم الشخصى JONES, MARK
245 10 - بيان العنوان
العنوان THE REUTERS GUIDE TO OFFICIAL INTEREST RATES /
بيان المسئوليه,etc JONES, MARK
700 1# - المدخل الاضافى - اسم شخصى
الإسم الشخصى FERRIS, KEN
260 ## - PUBLICATION, DISTRIBUTION, ETC. (IMPRINT)
تاريخ النشر أو التوزيع 1995
300 ## - الوصف المادى
التعداد 196 P
650 04 - المدخل الاضافى بالموضوع-مصطلح موضوعى
مصطلح موضوعي INTEREST RATES FUTURES
650 04 - المدخل الاضافى بالموضوع-مصطلح موضوعى
مصطلح موضوعي ECONOMICS
942 ## - عناصر المدخل الإضافي( كوها)
مصدر التصنيف او مخطط الترفيف Dewey Decimal Classification
Koha [default] item type كتاب
260 ## - PUBLICATION, DISTRIBUTION, ETC. (IMPRINT)
-- [S.N] :
-- PROBUS PUBLISHING COMPANY ،
Holdings
حالة التراجع حالة الفقد حالة تلف ليس للاعارة المكان المؤقت الموقع الحالى تاريخ الاكتساب اجمالي اﻻعارات رقم الطلب الباركود تاريخ اخر مشاهدة تاريخ تفعيل السعر نوع وعاء كوها
        مكتبة القاهرة الكبرى مكتبة القاهرة الكبرى 03/26/2014   332.6323\T R 23894 03/26/2014 03/26/2014 كتاب
        مكتبة القاهرة الكبرى مكتبة القاهرة الكبرى 03/26/2014   332.6323\T R 23895 03/26/2014 03/26/2014 كتاب

Powered By

EGPV